| 000 | 00584nam a2200205Ia 4500 | ||
|---|---|---|---|
| 005 | 20250508164614.0 | ||
| 008 | 008 250505s9999 xx 000 0 eng d | ||
| 037 | _aTextual | ||
| 040 |
_aFEDL _beng _cFEDL |
||
| 041 |
_aeng _2eng |
||
| 084 |
_a428.43, MAL _qFEDL |
||
| 100 |
_aMallett Margaret _9778584 |
||
| 245 | 0 | _aMaking facts matter: Reading non-fiction 5-11 | |
| 260 |
_aLondon, UK _bPaul Chapman Publishing Limited _c1992 |
||
| 300 | _axiii,191p. | ||
| 365 |
_aGBP _b11.95 |
||
| 546 | _aMACESE | ||
| 942 |
_cTEXL _h428.43, MAL |
||
| 999 |
_c1390099 _d1390099 |
||